000
00297nam a2200121Ia 4500
008
190216s9999||||xx |||||||||||||| ||und||
100
_a
Changampuzha Krishan Pillai
245
0
_a
Sankalpakanti
260
_b
The Mangalodayam (pvt) Ltd
_c
1964
300
_a
120p
650
_a
Kavithkal
942
_c
BK
999
_c
24224
_d
24224